La representacin̤ internacional en el deporte

Detalles Bibliográficos
Autor principal: Lora-Tamayo Vallv,̌ Marta
Formato: Desconocido
Lenguaje:español
Publicado: [Madrid] : Dykinson, 2005
Materias:
Acceso en línea:Acceso restringido

MARC

LEADER 00000ny a22000003n 4500
005 20110620183938.0
008 080620s2005 sp s 000 0 spa c
020 |a 8497727169 
035 |a 1268 
040 |a UMA.RE  |d vlex 
080 |a 341:796(0.034) 
080 |a 796:341(0.034) 
090 |c 1340  |d 1340 
100 1 |a Lora-Tamayo Vallv,̌ Marta 
245 1 3 |a La representacin̤ internacional en el deporte  |h [Recurso electrn̤ico]  |c Marta Lora-Tamayo Vallv̌ 
256 |a Servicio en ln̕ea 
260 |a [Madrid] :  |b Dykinson,  |c 2005 
506 1 |a Contenido solo disponible en los productos indicados  |d vLex Global  |d vLex Global (Academic Edition, excluding Law Schools)  |d vLex Global (U.S. Academic Edition, Law Schools)  |d vLex Global (U.S. Academic Edition, excluding Law Schools)  |d vLex Global (Academic Edition, Law Schools) 
650 0 7 |a Derecho internacional  |2 Tesauro vLex 
650 0 7 |a Civil  |2 Tesauro vLex 
740 0 |a vLex Libros (Servicios en ln̕ea) 
856 4 0 |z Acceso restringido  |u http://vlex.com/source/representacion-internacional-deporte-1268 
942 |c BOOK